00428 2200169 4500001002100000008004100021035002000062245003400082100001700116260003400133300001800167020002200185084001400207082000800221650002000229990000900249INLIS000000000003038 ind  a0010-0623000043 aKupu-Kupu KertascDeny Wijaya aWijaya, Deny aSurabaya:bRegina Mediac2013 a160 hlmc19cm a978-602-17831-2-2 a800 KUP d a800 aFiksi Indonesia a2928